000
00200 a2200097 4500
001
35139
100
_a
N A S
245
_a
Phalsafa Tauheed
260
_a
Lahore
_b
Feroz Sons
_c
090
_c
23283
_d
23283
942
_a
NUST-CAE
_c
M
_c
14762
999
_c
270212
_d
270212